جل کے آگ ہے / (Record no. 106401)

MARC details
000 -LEADER
fixed length control field 00844nam a22002657a 4500
005 - DATE AND TIME OF LATEST TRANSACTION
control field 20170123162307.0
010 ## - LIBRARY OF CONGRESS CONTROL NUMBER
LC control number B-080465
020 ## - INTERNATIONAL STANDARD BOOK NUMBER
Terms of availability 150.00
035 ## - SYSTEM CONTROL NUMBER
System control number B-080465
037 ## - SOURCE OF ACQUISITION
Source of stock number/acquisition Cen Lib/Ret
040 ## - CATALOGING SOURCE
Original cataloging agency DPL
Language of cataloging UR
082 ## - DEWEY DECIMAL CLASSIFICATION NUMBER
Classification number 842
Item number ج ا ن
100 ## - MAIN ENTRY--PERSONAL NAME
Personal name جان ؤسبورن
9 (RLIN) 111310
245 ## - TITLE STATEMENT
Title جل کے آگ ہے /
Statement of responsibility, etc جان ؤسبورن ; ترجمہ رفت شہمیم
246 ## - VARYING FORM OF TITLE
Title proper/short title Jal ke aag huay /
Remainder of title by John Osborne; translated by Rifat Shamim
260 ## - PUBLICATION, DISTRIBUTION, ETC. (IMPRINT)
Place of publication, distribution, etc ممبئی
Name of publisher, distributor, etc قلم پبلیکیشنز
Date of publication, distribution, etc 2003
270 ## - ADDRESS
City ممبئی
300 ## - PHYSICAL DESCRIPTION
Extent 136p.
Dimensions 21cm(Hb)
650 ## - SUBJECT ADDED ENTRY--TOPICAL TERM
Topical term or geographic name as entry element ادب - اردو
9 (RLIN) 111311
650 ## - SUBJECT ADDED ENTRY--TOPICAL TERM
Topical term or geographic name as entry element اردو ڈرامے
9 (RLIN) 462
650 ## - SUBJECT ADDED ENTRY--TOPICAL TERM
Topical term or geographic name as entry element Litrerature -- Urdu
9 (RLIN) 111312
650 ## - SUBJECT ADDED ENTRY--TOPICAL TERM
Topical term or geographic name as entry element Urdu plays
9 (RLIN) 111313
700 ## - ADDED ENTRY--PERSONAL NAME
Personal name رفت شہمیم
9 (RLIN) 460
942 ## - ADDED ENTRY ELEMENTS (KOHA)
Source of classification or shelving scheme Dewey Decimal Classification
Koha item type Urdu Bks
Classification part 842
Call number suffix ج ا ن
Holdings
Withdrawn status Lost status Damaged status Not for loan Home library Current library Date acquired Source of acquisition Cost, normal purchase price Total Checkouts Full call number Barcode Date last seen Copy number Cost, replacement price Price effective from Koha item type
        Central Library Central Library 19/12/2015 Cen Lib/Ret 150.00   842 ج ا ن B-080465 19/12/2015 1 150.00 19/12/2015 Urdu Bks

© Delhi Public Library
Hit Counter
free hit counter